| 000 | 00589nam a2200217Ia 4500 | ||
|---|---|---|---|
| 005 | 20250508162519.0 | ||
| 008 | 008 250505s9999 xx 000 0 eng d | ||
| 020 | _a0-04-800018-3 | ||
| 037 | _aTextual | ||
| 040 |
_aFEDL _beng _cFEDL |
||
| 041 |
_aeng _2eng |
||
| 084 |
_a150.195, MAR _qFEDL |
||
| 100 | _aMarcus Steven | ||
| 245 | 0 | _aFreud and the culture of psychoanalysis | |
| 260 |
_aBoston, USA _bGeorge Allen and Unwin _c1984 |
||
| 300 | _a268p. | ||
| 365 |
_aGBP _b18 |
||
| 650 | _aPsychology | ||
| 942 |
_cTEXL _h150.195, MAR |
||
| 999 |
_c1377020 _d1377020 |
||